| 000 | 00779cam a2200217 a 4500 | ||
|---|---|---|---|
| 001 | 000006494 | ||
| 005 | 20200929153934.0 | ||
| 008 | 780719s1977 ve a b 001 0 spa | ||
| 010 | _a78101484 | ||
| 040 |
_aDO-SdBNP _bspa _cLC _dBNPHU |
||
| 082 | _a987 | ||
| 100 | 1 |
_aBriceño Perozo, Mario. _917994 |
|
| 245 | 1 | 0 |
_aTrazos de historia falconiana / _cMario Briceño Perozo. |
| 260 |
_aCaracas : _bJunta Central pro Celebración de los 400 Años de la Fundación de Coro, Comisión Editora de Obras, _c1977. |
||
| 300 |
_a246 p. : _bil. ; _c22 cm. |
||
| 504 | _aIncluye referencias bibliográficas y notas al pie de las páginas | ||
| 651 | 4 |
_aVenezuela _xHistoria _93660 |
|
| 650 | 4 |
_aCoro (venezuela) _xHistoria _917995 |
|
| 910 | _aCatalogación por copia / LC | ||
| 049 | _aBNGR | ||
| 999 |
_c6285 _d6285 |
||